Antología / (Registro nro. 3463)

Detalles MARC
000 -LEADER
fixed length control field 00824nam a2200229Ia 4500
003 - CONTROL NUMBER IDENTIFIER
control field OSt
005 - DATE AND TIME OF LATEST TRANSACTION
control field 20250627111506.0
008 - FIXED-LENGTH DATA ELEMENTS--GENERAL INFORMATION
fixed length control field 191128s2004 ck er 000 f spa d
020 ## - INTERNATIONAL STANDARD BOOK NUMBER
International Standard Book Number 9586169065
040 ## - CATALOGING SOURCE
Original cataloging agency CO-JMCR
Transcribing agency CO-JMCR
041 ## - LANGUAGE CODE
Language code of text/sound track or separate title spa
082 04 - DEWEY DECIMAL CLASSIFICATION NUMBER
Classification number A-P
Item number COTa
100 1# - MAIN ENTRY--PERSONAL NAME
Personal name Cote Lemus , Eduardo,
Dates associated with a name 1928 - 1964
Relator term Autor
9 (RLIN) 8761
245 10 - TITLE STATEMENT
Title Antología /
Statement of responsibility, etc. Eduardo Cote Lemus
250 ## - EDITION STATEMENT
Edition statement Universidad Externado de Colombia
260 ## - PUBLICATION, DISTRIBUTION, ETC.
Place of publication, distribution, etc. Bogotá :
Name of publisher, distributor, etc. Universidad Externado de Colombia,
Date of publication, distribution, etc. 2004
300 ## - PHYSICAL DESCRIPTION
Extent 75 páginas ;
Dimensions 15 cm.
490 0# - SERIES STATEMENT
Series statement Un libro por centavos
520 ## - SUMMARY, ETC.
Summary, etc. más que magistral, la poesía de Cotes es pertinente. Es una voz viva que sigue hablando desde el presente y para el presente sin que en nada haya atenuado su urgente contanporaneidad.
650 14 - SUBJECT ADDED ENTRY--TOPICAL TERM
Topical term or geographic name entry element Poesía
9 (RLIN) 8762
942 ## - ADDED ENTRY ELEMENTS (KOHA)
Source of classification or shelving scheme Dewey Decimal Classification
Koha item type Books
Existencias
Withdrawn status Lost status Source of classification or shelving scheme Damaged status Not for loan Collection code Home library Current library Date acquired Source of acquisition Total Checkouts Full call number Barcode Date last seen Date last checked out Copy number Koha item type
    Dewey Decimal Classification     Fiction Biblioteca Pública José María del Castillo y Rada Biblioteca Pública José María del Castillo y Rada 11/28/2019 Donación 1 A-P COTa 201807315 05/25/2023 05/25/2023 Ej. 1 Books